000 00999nam0a2200361 4500
001 RU\NLR\bibl\178632
005 20250618062331.0
010 _a5-85871-075-1
_910000
021 _aRU
_b2001-23394
_91109
035 _a(NLR Aleph) 000175320
090 _a1011185
_c1011185
100 _a20010808d2001 |||y0rusy50 ca
101 0 _arus
102 _aRU
105 _ay |||||||||
200 1 _aКак стать волшебником
_fАндрей Фидес
210 _aСПб.
_cЛейла
_d2001
215 _a190, [1] с.
_d20
225 1 _aМагия
606 0 _aМагия
_91615580
_3RU\NLR\auth\66712354
610 0 _aМагия
675 _a133.4
_v3
_zrus
686 _a02
_2rugasnti
686 _a86.42
_2rubbk
686 _aЭ240.03
700 1 _aФидес
_bА.
_gАндрей
_4070
801 0 _aRU
_bRKP
_c20010808
_gPSBO
801 1 _aRU
_bRKP
_c20010808
801 2 _aRU
_bNLR
_c20010912
_grcr
942 _cBOOK
980 _aNB